Elektrónová štruktúra komplexov prechodných kovov

Salvato in:
Dettagli Bibliografici
Autore principale: Suchánek, Ľubomír (Autore)
Altri autori: Bučinský, Lukáš (Relatore della tesi)
Natura: Manoscritto Libro
Lingua:slovacco
Pubblicazione: 2016
Soggetti:
Accesso online:http://is.stuba.sk/zp/portal_zp.pl?podrobnosti=131870
Tags: Aggiungi Tag
Nessun Tag, puoi essere il primo ad aggiungerne!!

MARC

LEADER 00000ntm a22000003a 4500
001 stuzp58012
003 SK-STU
005 20160719155434.4
007 ta
008 150427s2015----xo-----f-mn---000-0-slo-d
040 |a STU  |b slo 
041 0 |a slo 
100 1 |a Suchánek, Ľubomír  |u 045280  |4 aut  |U FCHPT Ústav fyzikálnej chémie a chemickej fyziky  |T FCHPT Oddelenie chemickej fyziky  |X 42890  |U C5280  |Y 118  |7 42890 
242 0 1 |a Electronic structure of transition metal complexes  |y eng 
245 1 0 |a Elektrónová štruktúra komplexov prechodných kovov 
260 |c 2016 
650 4 |a CASSCF  |2 slo 
650 4 |a ZFS  |2 slo 
650 4 |a spinový prechod  |2 slo 
650 4 |a koordinačná zlúčenina  |2 slo 
650 4 |a Fe(III)  |2 slo 
650 4 |a ZFS  |2 eng 
650 4 |a spin-crossover  |2 eng 
650 4 |a coordination compound  |2 eng 
650 4 |a Fe(III)  |2 eng 
650 4 |a CASSCF  |2 eng 
700 1 |a Bučinský, Lukáš  |u 045280  |k Z1  |4 ths  |U FCHPT Ústav fyzikálnej chémie a chemickej fyziky  |T FCHPT Oddelenie chemickej fyziky  |X 19736  |U C5280  |Y 118  |7 A000019736 
856 4 |u http://is.stuba.sk/zp/portal_zp.pl?podrobnosti=131870 
SQL |a stuzp58012  |b DDP  |c SLO  |d Elektrónová štruktúra komplexov prechodných kovov  |e 42890  |f Suchánek, Ľubomír  |g 045280  |h 19736  |i Bučinský, Lukáš  |j 20160606  |k 1400  |l 04  |m http://is.stuba.sk/zp/portal_zp.pl?podrobnosti=131870  |n I-TCHEM  |o 4.1.14. chémia, 5.2.18. chemické technológie